LEADER 01186nam a2200277 i 4500 001 000000225469 003 CaOOAMICUS 005 20131205000000.0 008 131205s1979 it u000 u ita u 013 $a204371 040 $aSeMil$bita 100 1 $aAngelini, Franca.$0(OLS)http://semarc/name/78343 245 13$aIl teatro barocco /$cdi Franca Angelini. 260 $aRoma ; Bari :$bLaterza,$c1979. 300 $a296 p. ;$c22 cm. 490 0 $aLIL : Letteratura italiana Laterza ;$v29 650 4$aLetteratura italiana - Sec. 17.$0(OLS)http://semarc/subject/1056 650 4$aLetteratura italiana - Storia - Sec. 17.$0(OLS)http://semarc/subject/13258 650 4$aTeatro italiano - Storia.$0(OLS)http://semarc/subject/35471 650 4$aTeatro - Storia - Sec. 16.-17.$0(OLS)http://semarc/subject/7442 830 0$aLIL : Letteratura italiana Laterza ;$v29.$0(OLS)http://semarc/title/407841 850 $aSeMil 852 $aSeMil$W1$xVenegono$y1$m1O IV 96$j175815$B175815$CSeMilBibl$Z2$F187403 $81 961 $aOmaggio: Altro 996 $6245$aIl teatro barocco$9(OLS)http://semarc/title/322973 996 $6260$aRoma ; Bari :$bLaterza$9(OLS)http://semarc/publisher/30305 LEADER 01500nas a2200313 i 4500 001 000000001844 003 CaOOAMICUS 005 20180830125435.0 008 180830s1979 it uu u0 0ita r 022 $a0392-5927 040 $aSeMil$bita 245 10$aAnnali di storia pavese /$cediti a cura della Amministrazione Provinciale di Pavia. 260 $aPavia :$bAmministrazione Provinciale,$c1979-2001. 300 $a23 cm. 500 $aPeriodicità irregolare. - Indici : 1979-1995. 500 $aConsistenza: N. 1 (Giugno 1979)-N. 29 (Dicembre 2001) 650 4$aPavia - Storia locale.$0(OLS)http://semarc/subject/656 700 1 $aPavia .$0(OLS)http://semarc/name/1655 774 0 $tIndice delle annate 1979-1995. Cinquant'anni di tesi di laurea di argomento pavese (1946-1996).$dPavia : Amministrazione Provinciale, 1996.$w()113729 774 0 $tTitolo mancante.$w()129372 774 0 $tTitolo mancante.$w()151348 774 0 $t2001.$dPavia : Amministrazione Provinciale, 2001.$w()165469 785 00$tAnnali di storia pavese. Nuova serie.$dMilano : Unicopli, 2005.$w()18795 850 $aSeMil 852 $aSeMil$W1$xVenegono$y1$m46-5-1ss.$j216344$B228640$CSeMilBibl$Z2$F228640 $85 961 $aDal 2005 la rivista diventa COLLANA 996 $6022$a0392-5927$9(OLS)http://semarc/number/110 996 $6245$aAnnali di storia pavese$9(OLS)http://semarc/title/3035 996 $6260$aPavia :$bAmministrazione Provinciale$9(OLS)http://semarc/publisher/30420